Bilecik Bilecik Bilecik Bilecik Bilecik

Sahih-i Müslim ve tercemesi / (Record no. 56792)

MARC details
000 -BAŞLIK
Sabit Uzunluktaki Kontrol Alanı 01015nam a22003017a 4500
001 - KONTROL NUMARASI
Control Dosyası 0056986
003 - KONTROL NUMARASI KİMLİĞİ
Kontrol Alanı KOHA_MİRAKIL
005 - EN SON İŞLEM TARİHİ ve ZAMANI
Kontrol Alanı 20260207004106.0
007 - FİZİKSEL TANIM SABİT ALAN - GENEL BİLGİ
Sabit uzunluklu kontrol alanı ta
008 - SABİT UZUNLUKTAKİ VERİ ÖGELERİ - GENEL BİLGİ
Sabit Alan 160414b tu |||gr||||#||||0|tur |
040 ## - KATALOGLAMA KAYNAĞI
Özgün Kataloglama Kurumu TR-BiSEU
Kataloglama Dili tur
Çeviri Kurumu TR-BiSEU
Açıklama Kuralları rda
041 0# - DİL KODU
Metin ya da ses kaydının dil kodu tur
044 ## - YAYINLAYAN/ÜRETEN KURULUŞUN ÜLKE KODU
ISO country code tu
050 ## - SINIFLAMA ve YER NUMARASI
Sınıflama Numarası BP135
Yer Numarası .E28 1967
100 0# - KİŞİ ADI
Yazar Adı (Kişi adı) Ebu'l-Hüseyin Muslimu'bnu'l-Haccac el-Kuşeyri en-Niysaburi.
245 1# - ESER ADI BİLDİRİMİ
Başlık Sahih-i Müslim ve tercemesi /
Sorumluluk Bildirimi Ebu'l-Hüseyin Muslimu'bnu'l-Haccac el-Kuşeyri en-Niysaburi ; Ebu'l-Hüseyin Muslimu'bnu'l-Haccac el-Kuşeyri en-Niysaburi ; mütercim Mehmed Sofuoğlu.
264 #1 - ÜRERİM, YAYIN, DAĞITIM ve TELİF BİLDİRİMİ
Yayın yeri İstanbul :
Yayınlayan İrfan Yayınevi
300 ## - FİZİKSEL TANIMLAMA
Sayfa, Cilt vb. c.; 24 cm.
336 ## - İÇERİK TÜRÜ
Content type term metin
Content type code txt
Source rdacontent
337 ## - MEDYA TÜRÜ
Media type term aracısız
Media type code n
Source rdamedia
338 ## - TAŞIYICI TÜRÜ
Carrier type term cilt
Carrier type code nc
Source rdacarrier
490 1# - DİZİ BİLDİRİMİ
Dizi Bildirimi İrfan yayınevi no ;
Cilt Numarası 7/1
650 #0 - KONU BAŞLIĞI EK GİRİŞ - KONU TERİMİ
Konusal terim veya coğrafi ad Din.
9 (RLIN) 23404
650 #0 - KONU BAŞLIĞI EK GİRİŞ - KONU TERİMİ
Konusal terim veya coğrafi ad İslam Dini
9 (RLIN) 24696
650 #0 - KONU BAŞLIĞI EK GİRİŞ - KONU TERİMİ
Konusal terim veya coğrafi ad Hadis, Sahih-i
9 (RLIN) 105577
830 1# - SERİ EK GİRİŞİ - TEKBİÇİM ESER ADI
Tekbiçim Başlık İrfan yayınevi no ;
Volume number/sequential designation 7/1
9 (RLIN) 105578
942 ## - EK GİRİŞ ÖGELERİ (KOHA)
Source of classification or shelving scheme Library of Congress Classification
Koha item type Book
Holdings
Materyal Türü Kalıcı Konum Mevcut Konum Raf Yeri Sınıflandırma Kaynağı Edinim Bilgisi Ana Konular Alt Konular Yer Numarası Cilt Bilgisi Demirbaş Numarası Fatura Tarihi Geri Çekilme Durumu Kayıp Durumu Hasarlı Durumu Kredi için değil Kayıt Tarih Toplam Ödünçverme Son Görülme Tarihi Son Kontrol Tarihi Genel / Bağış Notu
Book Prof. Dr. Azmi Özcan Kütüphanesi Prof. Dr. Azmi Özcan Kütüphanesi Uluğbey Salonu Library of Congress Classification Bağış FELSEFE, PSİKOLOJİ, DİN İslam, Bahailik, Teozofi vb. BP135 .E28 1967 c.1 0056986 02/02/2026       Ödünç verilmez 14/04/2016   18/06/2025 18/06/2025 Ankara Üniversitesi İlahiyat Fakültesi